[Event "Sao Paulo op-B U2050 8th"]
[Site "Sao Paulo"]
[Date "2019.10.20"]
[Round "6"]
[White "Chi Haur, Wu"]
[Black "De Souza, Eliana Aparecida"]
[Result "1-0"]
[WhiteElo "1703"]
[BlackElo "1749"]
[PlyCount "73"]
[EventDate "2019.10.17"]
[EventType "swiss"]
[EventRounds "6"]
[EventCountry "BRA"]
[SourceTitle "CBM 192 Extra"]
[Source "Chessbase"]
[SourceDate "2019.11.06"]
[SourceVersion "1"]
[SourceVersionDate "2019.11.06"]
[SourceQuality "1"]

1. d4 Nf6 2. Bg5 d6 3. Bxf6 gxf6 4. e4 e5 5. Bc4 h5 6. Nc3 Nc6 7. Nge2 f5 8. d5 Ne7 9. h4 Ng6 10. Bb5+ Bd7 11. Bxd7+ Kxd7 12. g3 fxe4 13. Nxe4 Bh6 14. Qd3 a6 15. Qf3 Qf8 16. Qf5+ Ke7 17. Nf6 Qc8 18. Qf3 Rb8 19. Nxh5 f5 20. g4 f4 21. 0-0-0 Kf7 22. Nc3 Nf8 23. Ne4 Nd7 24. Rdg1 Bf8 25. Ng5+ Ke7 26. Re1 Bh6 27. Nxf4 Bxg5 28. hxg5 Rxh1 29. Qxh1 Qg8 30. Qh6 Nc5 31. Qf6+ Kd7 32. Qf5+ Ke7 33. Rh1 exf4 34. Rh7+ Ke8 35. g6 Rd8 36. Qf6 Rd7 37. Rh8 1-0

[Event "BRA-ch Amateur U2200"]
[Site "Sao Paulo"]
[Date "2018.06.02"]
[Round "6"]
[White "Do Valle Cardoso, Lucas"]
[Black "Chi Haur, Wu"]
[Result "1/2-1/2"]
[WhiteElo "2037"]
[BlackElo "1673"]
[PlyCount "60"]
[EventDate "2018.05.31"]
[EventType "swiss"]
[EventRounds "7"]
[EventCountry "BRA"]
[SourceTitle "EXT 2019"]
[Source "ChessBase"]
[SourceDate "2018.10.10"]
[SourceVersion "1"]
[SourceVersionDate "2018.10.10"]
[SourceQuality "1"]

1. e4 c5 2. Nf3 g6 3. d4 cxd4 4. Nxd4 Bg7 5. Nc3 Nc6 6. Be3 Nf6 7. Bc4 0-0 8. Bb3 Ng4 9. Qxg4 Nxd4 10. Qd1 Nxb3 11. axb3 b6 12. 0-0 Bb7 13. f3 d6 14. Bd4 Bxd4+ 15. Qxd4 a6 16. Rad1 Qc7 17. Rfe1 Rfd8 18. Rd2 Rac8 19. b4 b5 20. Nd5 Bxd5 21. exd5 Rd7 22. Rde2 Re8 23. Ra1 Qa7 24. Qxa7 Rxa7 25. Ra5 Kf8 26. c3 Rc8 27. Re1 Rb8 28. Kf2 Kg7 29. Ke3 Kf6 30. Kd4 Rb6 1/2-1/2

[Event "BRA-ch Amateur U2200"]
[Site "Sao Paulo"]
[Date "2018.06.01"]
[Round "3"]
[White "Chi Haur, Wu"]
[Black "Filgueiras, Nathan Felipe"]
[Result "0-1"]
[WhiteElo "1673"]
[BlackElo "2099"]
[PlyCount "141"]
[EventDate "2018.05.31"]
[EventType "swiss"]
[EventRounds "7"]
[EventCountry "BRA"]
[SourceTitle "EXT 2019"]
[Source "ChessBase"]
[SourceDate "2018.10.10"]
[SourceVersion "1"]
[SourceVersionDate "2018.10.10"]
[SourceQuality "1"]

1. d4 Nf6 2. c4 e6 3. Nc3 Bb4 4. Qc2 0-0 5. e4 d5 6. e5 Ne4 7. Bd3 c5 8. Nf3 f6 9. exf6 Nxf6 10. dxc5 Bxc5 11. 0-0 Nc6 12. a3 h6 13. b4 Nd4 14. Nxd4 Bxd4 15. Bb2 Ng4 16. Nd1 Qh4 17. h3 Ne5 18. Bxd4 Qxd4 19. Nb2 Nxd3 20. Nxd3 dxc4 21. Nc5 b6 22. Rad1 Qh4 23. Ne4 Bb7 24. Nd6 Bd5 25. Nb5 Qg5 26. f4 Rxf4 27. Rxf4 Qxf4 28. Rf1 Qg5 29. Qf2 Qe7 30. Re1 Rf8 31. Qe2 Qd7 32. Nc3 Qc6 33. Rd1 a5 34. Qd2 axb4 35. axb4 Rd8 36. Qd4 Qd6 37. Qg4 Qxb4 38. Ne4 Qe7 39. Ng3 Qg5 40. Qxg5 hxg5 41. Ne4 Rb8 42. Nc3 b5 43. Rb1 b4 44. Na2 c3 45. Nxc3 b3 46. Kf2 Kf7 47. g3 Ke7 48. Ke3 Kd6 49. Kd4 Rb4+ 50. Kd3 Kc5 51. Rb2 Rb7 52. Kd2 Kc4 53. Nd1 Rc7 54. Nf2 Kd4 55. Nd1 Rf7 56. h4 gxh4 57. gxh4 Rf3 58. Ke2 Rh3 59. Rd2+ Kc5 60. Nf2 Rxh4 61. Nd3+ Kd6 62. Ke3 g5 63. Rf2 Rh3+ 64. Kd2 g4 65. Rf4 g3 66. Rg4 g2 67. Nf4 Rh2 68. Ne2 g1Q 69. Rxg1 Bf3 70. Kc3 Rxe2 71. Kxb3 0-1

[Event "BRA-ch Amateur U2000"]
[Site "Sao Paulo"]
[Date "2017.10.13"]
[Round "4"]
[White "Chi Haur, Wu"]
[Black "Duailibe, Ricardo Miguel"]
[Result "1-0"]
[WhiteElo "1617"]
[BlackElo "1901"]
[PlyCount "87"]
[EventDate "2017.10.12"]
[EventType "swiss"]
[EventRounds "7"]
[EventCountry "BRA"]
[SourceTitle "EXT 2019"]
[Source "ChessBase"]
[SourceDate "2018.10.10"]
[SourceVersion "1"]
[SourceVersionDate "2018.10.10"]
[SourceQuality "1"]

1. d4 Nf6 2. Bg5 e6 3. e4 d5 4. e5 h6 5. Bh4 g5 6. Bg3 Ne4 7. Ne2 c5 8. Nd2 Nxd2 9. Qxd2 Qb6 10. c3 Nc6 11. 0-0-0 Bd7 12. f4 Rc8 13. Kb1 Na5 14. Nc1 cxd4 15. Qxd4 Bc5 16. Qd2 Be3 17. Qc2 gxf4 18. Be1 Bb5 19. Nb3 Ba4 20. Qd3 Nxb3 21. axb3 Qxb3 22. Be2 Rc4 23. Bh4 Qb5 24. Qxc4 Qd7 25. Qb4 a5 26. Qxa5 0-0 27. g3 b6 28. Qa6 Qc6 29. gxf4 Ra8 30. Rdg1+ Bxg1 31. Rxg1+ Kf8 32. Qd3 Bb3 33. Qb5 Qxb5 34. Bxb5 Ra5 35. Bd3 Ra4 36. Bg3 d4 37. Bc2 Ba2+ 38. Kc1 Rc4 39. Kd2 dxc3+ 40. bxc3 Rc5 41. Bf2 Rd5+ 42. Bd4 b5 43. Ke3 f5 44. exf6 1-0

[Event "BRA-ch Amateur U2000"]
[Site "Sao Paulo"]
[Date "2017.10.13"]
[Round "3"]
[White "Rodrigues, Julliano de Araujo"]
[Black "Chi Haur, Wu"]
[Result "1-0"]
[WhiteElo "1857"]
[BlackElo "1617"]
[PlyCount "69"]
[EventDate "2017.10.12"]
[EventType "swiss"]
[EventRounds "7"]
[EventCountry "BRA"]
[SourceTitle "EXT 2019"]
[Source "ChessBase"]
[SourceDate "2018.10.10"]
[SourceVersion "1"]
[SourceVersionDate "2018.10.10"]
[SourceQuality "1"]

1. e4 c5 2. Nf3 Nc6 3. d4 cxd4 4. Nxd4 g6 5. Be3 Bg7 6. c4 Nf6 7. Nc3 0-0 8. Be2 d6 9. 0-0 Bd7 10. Qd2 Nxd4 11. Bxd4 Bc6 12. f3 a5 13. b3 Nd7 14. Be3 Nc5 15. Rab1 f5 16. exf5 Rxf5 17. Rbd1 Qf8 18. Nd5 Bxd5 19. cxd5 b6 20. Rfe1 Qf6 21. g4 Rxf3 22. Bxf3 Qxf3 23. Qe2 Qh3 24. Qg2 Qh4 25. Rf1 Be5 26. Rf3 h5 27. gxh5 Qxh5 28. Rdf1 Qh7 29. Rh3 Qg7 30. Rh6 g5 31. Rh5 Bf6 32. Bxg5 Rf8 33. Rf4 Bd4+ 34. Rxd4 Rf1+ 35. Kxf1 1-0

[Event "Sao Paulo op-B U2050 6th"]
[Site "Sao Paulo"]
[Date "2017.04.14"]
[Round "1"]
[White "Chi Haur, Wu"]
[Black "Felix, Raimundo Nascimento"]
[Result "0-1"]
[WhiteElo "1635"]
[BlackElo "1866"]
[PlyCount "70"]
[EventDate "2017.04.14"]
[EventType "swiss"]
[EventRounds "6"]
[EventCountry "BRA"]
[SourceTitle "EXT 2019"]
[Source "ChessBase"]
[SourceDate "2018.10.10"]
[SourceVersion "1"]
[SourceVersionDate "2018.10.10"]
[SourceQuality "1"]

1. d4 Nf6 2. Bg5 e6 3. Nd2 Be7 4. Ngf3 d5 5. c4 b6 6. cxd5 Nxd5 7. Bxe7 Qxe7 8. e4 Nf6 9. Bb5+ c6 10. Rc1 0-0 11. Bd3 Bb7 12. 0-0 Rd8 13. e5 Nd5 14. h4 Nd7 15. Bxh7+ Kxh7 16. Ng5+ Kg8 17. Qh5 Nf8 18. g3 f6 19. Nge4 Qe8 20. Qf3 Qe7 21. Rfe1 Rab8 22. Nc4 Ba8 23. Ned6 c5 24. Qg4 f5 25. Qd1 b5 26. Na3 cxd4 27. Qxd4 a6 28. f4 Nd7 29. Nb1 N7b6 30. b3 Nc8 31. Nxc8 Rbxc8 32. Nd2 Qb7 33. Qf2 Ne3 34. Nf3 Ng4 35. Rxc8 Rxc8 0-1